000 00475nam a2200157Ia 4500
008 151213s9999 xx 000 0 und d
100 _aNirmal Chandra Pal
245 _aজুডশিয়িাল র্সাভসি পরীক্ষা গাইড
_cNirmal Chandra Pal
250 _a1st
260 _aDhaka
_bশামছ পাবলিকেশন
_c2004
300 _a4632 p.
650 _aLaw
650 _aLaw
700 _aNirmal Chandra Pal
999 _c2982
_d2982